[Event "Extremadura-ch"]
[Site "Badajoz"]
[Date "2013.06.15"]
[Round "5"]
[White "Arias Moreno, Jose Tomas"]
[Black "Dorado Martin, Juan Jose"]
[Result "0-1"]
[WhiteElo "1746"]
[BlackElo "1607"]
[PlyCount "91"]
[EventDate "2013.06.08"]
[EventType "swiss"]
[EventRounds "7"]
[EventCountry "ESP"]
[SourceTitle "EXT 2014"]
[Source "ChessBase"]
[SourceDate "2013.11.20"]
[SourceVersion "1"]
[SourceVersionDate "2013.11.20"]
[SourceQuality "1"]

1. e4 c5 2. Nf3 d6 3. c4 Nf6 4. Nc3 e6 5. d3 Be7 6. Be2 Nc6 7. h3 a6 8. Be3 Qc7 9. Qd2 Bd7 10. 0-0 0-0 11. Bf4 Nd4 12. Rac1 Bc6 13. Nd1 Rac8 14. Ne3 b6 15. Nxd4 cxd4 16. Ng4 e5 17. Nxf6+ Bxf6 18. Bg5 Qe7 19. Bxf6 Qxf6 20. f4 Qe7 21. f5 f6 22. Rf3 Kh8 23. Rg3 Rg8 24. Qe1 Be8 25. Rg4 g5 26. fxg6 Rxg6 27. Rxg6 hxg6 28. Qh4+ Kg7 29. Bg4 Rc7 30. Rf1 b5 31. b3 bxc4 32. bxc4 Rb7 33. Bd1 a5 34. Qe1 Qd8 35. Qd2 a4 36. a3 Rb8 37. Qc2 Rb3 38. Bg4 Qb6 39. Qf2 Qd8 40. Qc2 Bd7 41. Bxd7 Qxd7 42. Rd1 Rxa3 43. Rb1 Rc3 44. Qd1 f5 45. exf5 Qxf5 46. Qxa4 0-1